Formula 1: Grand Prix Sponsors - Statistics

General Stats
  • This quiz has been taken 175 times
  • The average score is 5 of 17
Answer Stats
Number of races Last GP Industry Sponsor % Correct
39 Hungarian GP 2005 Tobacco Marlboro
83%
19 Malaysian GP 2017 Oil Petronas
57%
13 Portuguese GP 2020 Alcohol Heineken
56%
10 Belgian GP 2015 Oil Shell
45%
11 Abu Dhabi GP 2019 Airline Etihad
33%
15 Bahrain GP 2019 Airline Gulf Air
32%
23 Japanese GP 2009 Television Fuji Television
30%
16 Tuscan GP 2020 Automotive Pirelli
26%
8 European GP 2010 Telecommunications Telefonica
23%
22 German GP 2014 Bank Santander
19%
19 British GP 2006 Alcohol Foster's
17%
27 French GP 2004 Oil Mobil 1
15%
9 British GP 1984 Tobacco John Player
10%
13 Canadian GP 1986 Alcohol Labatt
5%
8 US West GP 1983 Automotive Toyota
5%
9 Canadian GP 1996 Alcohol Molson
4%
28 British GP 1999 Private club Royal Automobile Club
4%
No matching quizzes found
Score Distribution
Percent of People with Each Score
Percentile by Number Answered
Your Score History
You have not taken this quiz